Dwij Bhatt

N/A


Categories

Fine Arts - Music011001105499.9100
History - American1300455880.5000
Fine Arts - Opera2000303955.0011
Literature - European1100256774.0001
Fine Arts - Miscellaneous020020103108.0000
Fine Arts - Painting020020111123.5000
Geography - Europe0200208991.0000
Science - Physics0200206272.5001
History - World1000154646.0000
Geography - World1000155151.0000
RMP - Hinduism1000152424.0001
RMP - World Mythology1000155353.0011
Geography - United States010010123123.0000
Literature - World and Miscellaneous0100106969.0000
RMP - Christian Practice0100108181.0000
Science - Math010010125125.0000
RMP - Islam0100108181.0000
RMP - Jewish Practice010010127127.0000
Current Events - U.S.000000.0000
RMP - Hebrew Bible000000.0000
Fine Arts - Architecture000000.0000
History - European000000.0000

Buzzes

RMP - HinduismRama2024
RMP - World Mythologysun030
Fine Arts - OperaPhilip Glass2039
History - EuropeanChernobyl nuclear disaster040
History - WorldMughal Empire2046
Geography - WorldMekong River2051
RMP - World Mythologybows2053
Fine Arts - Musicvioloncello1054
History - AmericanPocahontas2058
Science - Physicscentrifugal force1062